Catalog

Record Details

Catalog Search



The rediscovery of Judaism : a re-examination of the conciliar statement on the Jews  Cover Image Book Book

The rediscovery of Judaism : a re-examination of the conciliar statement on the Jews / by John M. Oesterreicher.

Record details

  • Physical Description: 59 s.; 23 cm.
  • Publisher: South Orange, N.J. : Institute of Judaeo-Christian Studies, Seton Hall University, 1971
Subject: Catholic Church > Relations > Judaism.
Vatican Council (2nd : 1962-1965 : Basilica di San Pietro in Vaticano). Declaratio de ecclesiae habitudine ad religiones non-Christianas.
Judaism > Relations > Catholic Church.

Available copies

  • 1 of 1 copy available at Common Catalog SPOK.

Holds

  • 0 current holds with 1 total copy.
Show All Copies
Location Call Number / Copy Notes Barcode Shelving Location Status Due Date
ETS Library 296 424470015791 Volný výběr Available -

LDR 01108cam a2200277 a 4500
00137549
003CZ-PrJAB
00520171215162114.0
008710615s1971 nju e 000 0 eng
010 . ‡a 79156318
035 . ‡a(CONS)13082
035 . ‡9(DLC) 79156318
040 . ‡aDLC ‡cDLC ‡dDLC
05000. ‡aBM535 ‡b.O44
08200. ‡a296
1001 . ‡aOesterreicher, John M., ‡d1904-1993.
24514. ‡aThe rediscovery of Judaism : ‡ba re-examination of the conciliar statement on the Jews / ‡cby John M. Oesterreicher.
260 . ‡aSouth Orange, N.J. : ‡bInstitute of Judaeo-Christian Studies, Seton Hall University, ‡c1971
300 . ‡a59 s.; ‡c23 cm.
61020. ‡aCatholic Church ‡xRelations ‡xJudaism.
61120. ‡aVatican Council ‡n(2nd : ‡d1962-1965 : ‡cBasilica di San Pietro in Vaticano). ‡tDeclaratio de ecclesiae habitudine ad religiones non-Christianas.
650 0. ‡aJudaism ‡xRelations ‡xCatholic Church.
8524 . ‡bETS ‡bETS ‡cVolný výběr ‡j296 ‡p424470015791 ‡y$50.00
906 . ‡a7 ‡bcbc ‡corignew ‡d2 ‡encip ‡f19 ‡gy-gencatlg
910 . ‡aABG450
991 . ‡bc-GenColl ‡hBM535 ‡i.O44 ‡tCopy 1 ‡wBOOKS
999 . ‡a13082 ‡c13082 ‡tbiblio
905 . ‡uadmin
901 . ‡a37549 ‡b ‡c37549 ‡tbiblio ‡sets

Additional Resources